|
|
|
|
| LEADER |
00669 a2200193 4500 |
| 008 |
160328b xxu||||| |||| 00| 0 eng d |
| 020 |
|
|
|a 9789351343493
|
| 082 |
|
|
|a 624.1821
|
| 100 |
|
|
|a Duggal, S K
|
| 245 |
|
|
|a Limit state design of steel structures /
|c S K Duggal
|
| 250 |
|
|
|a 2nd ed.
|
| 260 |
|
|
|b McGraw hill
|c 2015
|a New Delhi
|
| 300 |
|
|
|a xvi, 860p. :
|c 23cm.
|
| 500 |
|
|
|a Includes appendices, glossery & index
|
| 650 |
|
|
|a Steel, structural
|
| 650 |
|
|
|a Building, iron and steel
|
| 942 |
|
|
|2 ddc
|c BK
|
| 999 |
|
|
|c 106677
|d 106677
|
| 952 |
|
|
|0 0
|1 0
|4 0
|6 624_182100000000000_DUG_L
|7 0
|9 110506
|a UL
|b UL
|c ST1
|d 2015-03-17
|e 2
|g 485.10
|l 0
|o 624.1821 DUG/L
|p 93626
|r 2015-06-29
|v 630.00
|y BK
|